000 00593nam a22002057a 4500
003 0
005 20230925145519.0
008 230925b xxu||||| |||| 00| 0 eng d
020 _a978-1-119-82057-4
050 _aQC 23.2
_b.Y68 2022
100 _aYoung, David
245 _aCutnell & Johnson : physics
_cDavid Young
250 _a12th edition
260 _aSingapore
_bJohn & Wiley Sons
_cc2022.
300 _axx, 1071 pages :
_bcol. ill. ;
_c28cm.
500 _aPhysics.
504 _aIncludes bibliographical references, glossary and index.
650 _aPhysics.
942 _2lcc
_cBK
999 _c365389
_d365389